000 01072nam a2200217Ia 4500
999 _c52417
_d52417
001 19438
003 GE_BSU
005 20251020171737.0
008 181216s1975||||ge |||||||||||||| ||geo||
040 _cGE_BSU
041 _ageo
080 _a811.353(058) ი-31
245 _aიბერიულ-კავკასიური ენათმეცნიერების წელიწდეულ: Ежегодник Иберийскიо-Кавказского Языкознания :ANNUAL Of Ibero-Caucasian Linguistics II.
_cსარედ. კოლ. ვ. აბაევი., შ. არისთავა., და სხვ. რედ. ა. ჩიქობავა
264 _aთბილისი :
_bმეცნიერება,
_c1975.
300 _a370 გვ.;
_b26 სმ.
500 _aეძღვნება აკად.ივ.ჯავახიშვილის ხსოვნას
541 _h4ლ.80თ.
653 _aენათმეცნიერება
653 _aწელიწდეული
942 _cBK
_2udc